Health and safety in excavations: be safe and shore (Record no. 100928)

MARC details
000 -LEADER
fixed length control field 01000cam a2200253 4500
008 - FIXED-LENGTH DATA ELEMENTS--GENERAL INFORMATION
fixed length control field 000000n1999 000 0 eng u
020 ## - INTERNATIONAL STANDARD BOOK NUMBER
International Standard Book Number 0717615634
035 ## - SYSTEM CONTROL NUMBER
System control number (Sirsi) u109349
041 ## - LANGUAGE CODE
Language code of text/sound track or separate title eng
050 ## - LIBRARY OF CONGRESS CALL NUMBER
Classification number 690.22
110 ## - MAIN ENTRY--CORPORATE NAME
Corporate name or jurisdiction name as entry element Great Britain
Subordinate unit Health and Safety Executive
245 ## - TITLE STATEMENT
Title Health and safety in excavations: be safe and shore
260 ## - PUBLICATION, DISTRIBUTION, ETC.
Place of publication, distribution, etc. [Sudbury]
Name of publisher, distributor, etc. HSE
Date of publication, distribution, etc. 1999
300 ## - PHYSICAL DESCRIPTION
Extent 58p. : ill. ; 30cm.
350 ## - PRICE (NR) (BK AM CF MU VM SE) [OBSOLETE]
Price £8.50
490 ## - SERIES STATEMENT
Series statement HSE Health and Safety Guidance
Volume/sequential designation 185
520 ## - SUMMARY, ETC.
Summary, etc. Aim of booklet is to help all who are in any way involved in the construction process to identify main failings in excavation work which lead to physical injury, and financial loss, and to take the necessary measures at the planning stage, to avoid them
650 ## - SUBJECT ADDED ENTRY--TOPICAL TERM
Topical term or geographic name entry element ACCIDENT PREVENTION
650 ## - SUBJECT ADDED ENTRY--TOPICAL TERM
Topical term or geographic name entry element EXCAVATION WORKS
650 ## - SUBJECT ADDED ENTRY--TOPICAL TERM
Topical term or geographic name entry element BUILT ENVIRONMENT-BUILDING ELEMENTS-COMPLETE BUILDING ELEMENTS-FOUNDATIONS
650 ## - SUBJECT ADDED ENTRY--TOPICAL TERM
Topical term or geographic name entry element TRENCHES
690 ## - LOCAL SUBJECT ADDED ENTRY--TOPICAL TERM (OCLC, RLIN)
Topical term or geographic name as entry element HEALTH AND SAFETY
9 (RLIN) 6244
942 ## - ADDED ENTRY ELEMENTS (KOHA)
Suppress in OPAC 0
Holdings
Withdrawn status Lost status Source of classification or shelving scheme Damaged status Not for loan Home library Current library Shelving location Date acquired Cost, normal purchase price Total Checkouts Full call number Barcode Date last seen Copy number Cost, replacement price Price effective from Koha item type
    Dewey Decimal Classification     Archives Archives Basement 09/01/2001 8.50   Archive F690.22 HEA 30063186 21/06/2024 1 8.50 06/08/2019 Book